JRの本線がつく路線が2路線以上乗り入れる駅 - Statistics

General Stats
  • This quiz has been taken 1,006 times
    978 since last reset
  • The average score is 24 of 34
Answer Stats
Answer 乗り入れるJR〇〇本線 % Correct
東京 東海道本線,東北本線,総武本線
96%
名古屋 東海道本線,中央本線,関西本線
90%
旭川 函館本線,宗谷本線
88%
京都 東海道本線,山陰本線
87%
小倉 鹿児島本線,日豊本線
83%
秋田 奥羽本線,羽越本線
82%
鹿児島 鹿児島本線,日豊本線
81%
米原 東海道本線,北陸本線
80%
福島 東北本線,奥羽本線
79%
網走 石北本線,釧網本線
77%
苫小牧 室蘭本線,日高本線
77%
熊本 鹿児島本線,豊肥本線
77%
大分 日豊本線,久大本線,豊肥本線
77%
長万部 函館本線,室蘭本線
75%
岐阜 東海道本線,高山本線
75%
神戸 東海道本線,山陽本線
75%
鳥栖 鹿児島本線,長崎本線
75%
久留米 鹿児島本線,久大本線
73%
岩見沢 函館本線,室蘭本線
69%
深川 函館本線,留萌本線
68%
滝川 函館本線,根室本線
68%
門司 鹿児島本線,山陽本線
68%
亀山 関西本線,紀勢本線
67%
東釧路 根室本線,釧網本線
65%
新津 信越本線,羽越本線
65%
神田 東北本線,中央本線
62%
金山 東海道本線,中央本線
62%
幡生 山陽本線,山陰本線
62%
新旭川 宗谷本線.石北本線
60%
秋葉原 東北本線,総武本線
58%
折尾 鹿児島本線,筑豊本線
53%
西小倉 鹿児島本線,日豊本線
47%
御茶ノ水 中央本線,総武本線
45%
原田 鹿児島本線,筑豊本線
45%
No matching quizzes found
Score Distribution
Percent of People with Each Score
Percentile by Number Answered
Your Score History
You have not taken this quiz since the last reset